Languages of Europe (and Dialects) - Statistics

General Stats
  • This quiz has been taken 5,664 times
    4,992 since last reset
  • The average score is 57 of 110
Answer Stats
Native Speakers Language Family Language % Correct
97,000,000 Germanic German
99%
71,500,000 Romance French
98%
65,000,000 Romance Italian
98%
106,000,000 Slavic Russian
98%
38,000,000 Romance Spanish (Castilian)
98%
63,000,000 Germanic English
97%
11,000,000 Hellenic Greek
96%
1,500,000 Indo-Iranian Romani
96%
38,500,000 Slavic Polish
95%
11,100,000 Germanic Swedish
95%
12,000,000 Turkic Turkish
95%
32,600,000 Slavic Ukrainian
95%
22,000,000 Germanic Dutch
94%
5,877,100 Albanian Albanian
93%
5,400,000 Uralic Finnish
93%
9,000,000 Slavic Serbian
93%
10,000,000 Romance Portuguese
92%
24,000,000 Romance Romanian
92%
5,600,000 Slavic Croatian
91%
13,000,000 Uralic Hungarian
91%
5,200,000 Germanic Norwegian
91%
5,200,000 Slavic Slovak
91%
5,500,000 Germanic Danish
90%
240,000 Celtic Irish Gaelic
90%
10,600,000 Slavic Czech
89%
1,165,400 Uralic Estonian
89%
1,750,000 Baltic Latvian
89%
3,000,000 Baltic Lithuanian
89%
7,800,000 Slavic Bulgarian
88%
2,100,000 Slavic Slovene
88%
2,500,000 Slavic Bosnian
84%
4,000,000 Romance Catalan
84%
14,000,000 Germanic Austro-Bavarian
79%
750,000 Basque Basque
79%
3,300,000 Slavic Belarussian
79%
1,400,000 Slavic Macedonian
78%
330,000 Germanic Icelandic
77%
562,000 Celtic Welsh
77%
520,000 Semitic Maltese
70%
40,000 Romance Romansh
66%
57,000 Celtic Scottish Gaelic
66%
3,700,000 Kartvelian Georgian
64%
240,700 Slavic Montenegrin
62%
4,700,000 Romance Sicilian
61%
336,000 Germanic Luxembourgish
60%
2,400,000 Romance Galician
59%
1,350,000 Romance Sardinian
58%
5,000,000 Germanic Swiss German
55%
500,000 Turkic Azeri
53%
30,000 Romance Corsican
52%
206,000 Celtic Breton
51%
23,000 Uralic Sami
51%
110,000 Germanic Scots
50%
30,000 Iranian Tat
50%
4,300,000 Turkic Tatar
48%
470,000 Germanic Frisian
47%
500,000 Romance Occitan
46%
3,800,000 Romance Venetian
42%
1,400,000 Nakh Chechen
41%
66,150 Germanic Faroese
39%
600,000 Germanic Yiddish
38%
1,000,000 Turkic Kazakh
37%
5,700,000 Romance Neapolitan
37%
3,600,000 Romance Lombard
35%
20,000 Slavic Wendish
33%
480,000 Turkic Crimean Tatar
32%
522,000 Slavic Silesian
32%
11,000 Germanic Silesian German
32%
25,000 Romance Aragonese
31%
450,000 Indo-Iranian Ossetian
31%
600,000 Romance Walloon
30%
36,000 Uralic Karelian
29%
320,000 Romance Ladino
28%
500,000 Romance Ligurian
28%
1,000,000 Germanic Low German (Low Saxon)
28%
351,791 Romance Asturian
26%
750,000 Avar-Andic Avar
26%
50,000 Romance Norman
26%
50,000 Slavic Kashubian
25%
1,600,000 Romance Piedmontese
25%
114,000 Romance Aromanian
22%
140,000 Romance Franco-Provençal
21%
80,500 Mongolic Kalmyk
21%
1,221,000 Turkic Bashkir
20%
1,100,000 Turkic Chuvash
20%
600,000 Romance Friulan
20%
140,000 Turkic Gagauz
20%
500,000 Uralic Mari
20%
220,000 Uralic Komi
19%
15,000 Romance Mirandese
19%
300,000 Nakh Ingush
18%
1,300,000 Germanic Limburgish
18%
820,000 Germanic Swabian German
18%
340,000 Uralic Udmurt
18%
117,500 Circassian Adyghe
16%
200,000 Romance Picard
16%
200,000 Romance Extremaduran
15%
4,000 Uralic Nenets
14%
300,000 Turkic Karachay-Balkar
12%
20,000 Hellenic Grecanico
10%
530,000 Circassian Kabardian
10%
900,000 Germanic Ripuarian (Platt)
10%
120,000 Uralic Erzian
9%
2,000,000 Germanic Upper Saxon
8%
87,000 Uralic Võro
8%
1,000,000 Germanic Palatinate German
7%
4,900,000 Germanic Mainfränkisch
4%
126,000 Lezgic Tabasaran
4%
20,000 Germanic Walser German
3%
16,000 Germanic Yenish
2%
No matching quizzes found
Score Distribution
Percent of People with Each Score
Percentile by Number Answered
Your Score History
You have not taken this quiz since the last reset